Le Grand Quiz des villes d'Occitanie en images - Statistiques

Statistiques générales
  • Ce quiz a été pris 240 fois
  • Le résultat moyen est 31 sur 99
Statistiques - réponses
Par images Hint Réponse % Correct
Haute-Garonne T{oulouse}
98%
Aude C{arcassonne}
97%
Hérault M{ontpellier}
97%
Gard N{îmes}
97%
Tarn A{lbi}
90%
Pyrénées-Orientales P{erpignan}
89%
Aveyron M{illau}
87%
Hérault B{éziers}
83%
Ariège F{oix}
83%
Hautes-Pyrénées L{ourdes}
83%
Tarn-et-Garonne M{ontauban}
82%
Aude N{arbonne}
80%
Gers A{uch}
76%
Lot C{ahors}
75%
Hérault S{ète}
73%
Lozère M{ende}
72%
Aveyron R{odez}
72%
Hérault L{a} G{rande}-{Motte}
70%
Lot R{ocamadour}
64%
Hautes-Pyrénées T{arbes}
62%
Gard A{lès}
54%
Pyrénées-Orientales C{ollioure}
52%
Gard U{zès}
49%
Tarn C{astres}
47%
Lot F{igeac}
47%
Ariège P{amiers}
45%
Hérault A{gde}
41%
Haute-Garonne M{uret}
35%
Gers C{ondom}
33%
Pyrénées-Orientales F{ont}-{Romeu}-{Odeillo}-{Via}
31%
Hautes-Pyrénées B{agnères}-{de}-{Bigorre}
29%
Gard L{e} G{rau}-{du}-{Roi}
29%
Aveyron V{illefranche}-{de}-{Rouergue}
29%
Gard A{igues}-{Mortes}
28%
Pyrénées-Orientales A{rgelès}-{sur}-{Mer}
28%
Hautes-Pyrénées G{avarnie}-{Gèdre}
28%
Tarn-et-Garonne M{oissac}
26%
Aude S{igean}
26%
Pyrénées-Orientales C{éret}
24%
Pyrénées-Orientales P{rades}
24%
Tarn G{aillac}
23%
Haute-Garonne S{aint}-{Gaudens}
23%
Gard V{ers}-{Pont}-{du}-{Gard}
23%
Tarn C{ordes}-{sur}-{Ciel}
22%
Gers L'I{sle}-{Jourdain}
22%
Ariège T{arascon}-{sur}-{Ariège}
22%
Ariège A{x}-{les}-{Thermes}
21%
Haute-Garonne B{agnères}-{de}-{Luchon}
21%
Aude C{astelnaudary}
21%
Aude G{ruissan}
21%
Ariège S{aint}-{Girons}
21%
Lot G{ourdon}
19%
Lot S{aint}-{Cirq}-{Lapopie}
19%
Gard L{e} V{igan}
18%
Gers N{ogaro}
18%
Gard P{ont}-{Saint}-{Esprit}
18%
Tarn-et-Garonne C{astelsarrasin}
17%
Aveyron C{onques}-{en}-{Rouergue}
17%
Hérault L{odève}
17%
Lozère M{arvejols}
17%
Pyrénées-Orientales V{illefranche}-{de}-{Conflent}
17%
Aude L{eucate}
16%
Aude L{imoux}
16%
Aude Q{uillan}
16%
Gers M{irande}
15%
Hérault P{ézenas}
15%
Aveyron S{aint}-{Affrique}
15%
Hérault S{aint}-{Guilhem}-{le}-{Désert}
15%
Gard B{eaucaire}
14%
Hautes-Pyrénées C{auterets}
13%
Lozère F{lorac} {Trois} {Rivières}
13%
Haute-Garonne R{evel}
12%
Aveyron D{ecazeville}
11%
Aveyron E{staing}
11%
Pyrénées-Orientales I{lle}-{sur}-{Têt}
11%
Gers L{ectoure}
11%
Aveyron N{ajac}
11%
Gard V{illeneuve}-{lès}-{Avignon}
11%
Pyrénées-Orientales E{lne}
10%
Lozère L{angogne}
10%
Haute-Garonne S{aint}-{Bertrand}-{de}-{Comminges}
10%
Aveyron S{évérac} {d}'{Aveyron}
10%
Tarn L{avaur}
9%
Ariège M{irepoix}
9%
Aveyron R{oquefort}-{sur}-{Soulzon}
9%
Gers E{auze}
8%
Aveyron L{a} C{avalerie}
8%
Tarn-et-Garonne C{aussade}
6%
Lot M{ontcuq}-{en}-{Quercy}-{Blanc}
6%
Haute-Garonne R{ieux}-{Volvestre}
6%
Tarn-et-Garonne V{alence}
6%
Aude B{ram}
5%
Tarn L{autrec}
5%
Haute-Garonne M{artres}-{Tolosane}
5%
Hérault M{inerve}
5%
Aude C{ucugnan}
4%
Lot M{artel}
4%
Gers L{ombez}
3%
Haute-Garonne A{vignonet}-{Lauragais}
2%
Aucun quiz correspondant
Distribution des résultats
% des personnes avec chaque résultat
Percentile par nombre de réponses
Votre historique - résultats
Vous n’avez pas pris ce quiz